Cormac McCarthy Novels Quiz Stats

 Plays Quiz Updated Apr 3, 2020

Support Sporcle.
Go Orange.
Score 0/10 Timer 05:00
1 Play Today
Year Title % Correct
2006The Road
93.2%
2005No Country for Old Men
83.2%
1992All the Pretty Horses
74.6%
1985Blood Meridian, Or the Evening Redness in the West
73.2%
1979Suttree
43.1%
1994The Crossing
42.8%
1973Child of God
38.9%
1998Cities of the Plain
35.1%
1965The Orchard Keeper
31.3%
1968Outer Dark
29.5%

From the Vault

Mario Character Line-Up

by JiggaTrigga

Gaming 3m
Looks like the characters of the Mushroom Kingdom finally went to jail.
Remove Ads.
Support Sporcle.
Get the best of Sporcle when you Go Orange. This ad-free experience offers more features, more stats, and more fun while also helping to support Sporcle. Thank you for becoming a member.

Show Comments

Extras

Top Quizzes Today


Score Distribution

Your Account Isn't Verified!

In order to create a playlist on Sporcle, you need to verify the email address you used during registration. Go to your Sporcle Settings to finish the process.

Report this User

Report this user for behavior that violates our Community Guidelines.

Details: